00254nam a22000977a 4500008004100000082001600041100000800057245006500065260001700130300000900147230704b xxu||||| |||| 00| 0 eng d a341.24bEAC cEAC aProceedings of the East African Legislative Assembly Debates aArushac1969 a851p